Trasa Autobusu 402 Warszawa - Statystyki

Ogólne statystyki
  • Ten quiz został rozwiązany 6 razy
  • Średni wynik to 19 z 28
Statystyki odpowiedzi
Ulice Przystanek % Poprawnych
Al. Wilanowska / Marynarska Rondo UE
100%
Marynarska Wynalazek
100%
Wynalazek Wynalazek
100%
Wałbrzyska / Al. Lotników Al. Lotników
75%
Al. Becka / Al. Witosa Al. Witosa
75%
Al. Lotników Bełdan
75%
Al. Gen. Sikorskiego / Dolina Służewiecka Dolina Służewiecka
75%
Al. Gen. Wieniawy-Długoszowskiego Gocław
75%
Kościuszkowców Marysin
75%
Korkowa Marysin
75%
Wałbrzyska Metro Służew
75%
Al. Gen. Wieniawy-Długoszowskiego Most Siekierkowski
75%
Nowoursynowska Noskowskiego
75%
Dolina Służewiecka / Nowoursynowska Nowoursynowska
75%
Okularowa / Marsa Okularowa
75%
Marynarska PKP Służewiec
75%
Marynarska PKP Służewiec
75%
Marsa / Ostrobramska Płowiecka
75%
Marynarska Postępu
75%
Al. Becka Siekierki - Sanktuarium
75%
Al. Witosa / Al. Gen. Sikorskiego Tor Stegny
75%
Al. Gen. Sikorskiego Warneńska
75%
Marsa PKP Gocławek
50%
Cybernetyki Rondo Żabczyńskiego
50%
Korkowa Łysakowska
25%
Korkowa Potockich
25%
Stepowa Rezedowa
25%
Korkowa Sezam
25%
Nie znaleziono quizów pasujących do podanych kryteriów
Rozkład punktacji
Procent ludzi z każdym wynikiem
Percentyl według liczby udzielonych odpowiedzi
Twoja historia wyników
Nie rozwiązałeś tego quizu